00995 2200325 4500001002100000005001700021008004100038020002200079035002500101040001200126082001100138084001700149100002300166245016900189260004100358300002600399504002800425650003400453850001200487990001700499990001700516990001700533990001700550990001700567990001700584990001700601990001700618990001700635990001700652INLIS00000000002119220160630083356.0  a978-602-1107-61-4 a0010-061600000000603 aYOPDYOG a362.11 a362.11 Sus M aSUSATYO HERLAMBANG aManajemen pelayanan kesehatan rumah sakitb: Cara mudah memahami manajemen pelayanan di rumah sakit dan organisasi pelayanan kesehatan lainnyac/ Susatyo Herlambang aYogyakartabGoyshen Publshingc2016. ax, 188 hlm.c; 23 cm. aBibliografi : hlm 85-87 aRumah Sakit administrasi umum aYOPDYOG a5039-KS/B.16 a5040-KS/B.16 a5041-KS/B.16 a5042-KS/B.16 a5043-KS/B.16 a5044-KS/B.16 a5045-KS/B.16 a5046-KS/B.16 a5047-KS/B.16 a5048-KS/B.16